header

The great fossil enigma (Record no. 56658)

MARC details
000 -LEADER
fixed length control field 01192nam a2200313Ia 4500
100 1# - MAIN ENTRY--AUTHOR NAME
Personal name Knell, Simon J.
245 14 - TITLE STATEMENT
Title The great fossil enigma
260 ## - PUBLICATION, DISTRIBUTION, ETC. (IMPRINT)
Place of publication Bloomington :
Name of publisher Indiana University Press,
Year of publication 2012.
300 ## - PHYSICAL DESCRIPTION
Number of Pages xx, 413 p. :
Other physical details ill.
650 #0 - SUBJECT ADDED ENTRY--TOPICAL TERM
Topical Term Conodonts.
Topical Term Science
856 40 - ELECTRONIC LOCATION AND ACCESS
Uniform Resource Identifier http://site.ebrary.com/lib/rucke/Doc?id=10620951

No items available.

© 2026 Rongo University
Contact us: librarian | system librarian | Rongo university